Europameisterschaft 2024 Gruppenphasen - Statistiken

Allgemein
  • Dieses Quiz wurde 710 mal gespielt
    262 seit der letzten Aktualisierung
  • Das Durchschnittsergebnis liegt bei 22 aus 24
Antwortstatistiken
Nation % Korrekt
Deutschland
99%
Spanien
99%
Frankreich
97%
Italien
97%
Portugal
97%
Schweiz
97%
Niederlande
96%
England
95%
Ungarn
95%
Belgien
94%
Österreich
93%
Polen
93%
Kroatien
92%
Dänemark
91%
Schottland
90%
Slowenien
89%
Albanien
88%
Slowakei
88%
Tschechien
88%
Türkei
88%
Ukraine
88%
Rumänien
85%
Serbien
85%
Georgien
76%
Keine übereinstimmenden Quizze gefunden
Verteilung der Resultate
Anzahl Personen mit jedem Resultat
Perzentil nach korrekt beantworteten Fragen
Ihre Resultats-Entwicklung
Sie haben dieses Quiz seit der letzten Aktualisierung nicht gespielt